[Event "Hangzhou (Women) 1st"]
[Site "Hangzhou"]
[Date "2011.07.22"]
[Round "8"]
[White "Zhu, Chen"]
[Black "Kosintseva, Tatiana"]
[Result "1-0"]
[WhiteElo "2522"]
[BlackElo "2557"]
[Annotator "Mikhalchishin,A"]
[PlyCount "67"]
[EventDate "2011.07.14"]
[EventType "tourn"]
[EventRounds "9"]
[EventCountry "CHN"]
[EventCategory "11"]
[SourceTitle "CBM 144"]
[Source "ChessBase"]
[SourceDate "2011.09.16"]
[SourceVersion "1"]
[SourceVersionDate "2011.09.16"]
[SourceQuality "1"]
[TimeControl "40/5400+30:1800+30"]

1. d4 Nf6 2. c4 e6 3. Nc3 Bb4 4. Qc2 O-O 5. a3 Bxc3+ 6. Qxc3 d5 7. Bg5 c5 ({
At the moment most players choose a simple continuation, which gives Black
chances to equalise. Speaking honestly - the positions are a bit boring. But
there exists a much sharper move and Kosintseva tries it!} 7... dxc4 8. Qxc4 b6
9. Rd1 Ba6 10. Qc2 h6 11. Bh4 Nbd7 12. e4 Bxf1 13. Kxf1 Qc8 14. Ne2 Qb7 15. f3
c5 16. Kf2 Rac8 17. Qd2 cxd4 18. Nxd4 Nxe4+ 19. fxe4 Nc5 20. Qe3 Nxe4+ 21. Kg1
Qd5 22. h3 g5 23. Be1 f5 24. h4 g4 25. Qxh6 Rf6 26. Qe3 Rd8 27. Kh2 f4 28. Qe2
g3+ 29. Kg1 e5 30. Qg4+ Kf7 31. Qh5+ Kg8 32. Qg4+ Kf7 33. Qh5+ Kg8 34. Qg4+ {
1/2 Ivanchuk,V (2779)-Kramnik,V (2785)/Monte Carlo 2011}) 8. dxc5 {This is
accepting the sharp play. But simpler moves promise White no less than in the
game.} d4 9. Qc2 {White has a completely different approach, to put the queen
to the kingside. It looks to be a very serious try:} (9. Qg3 e5 (9... Nbd7 10.
O-O-O (10. Nf3 e5 11. Nxe5 Nxc5 12. Nd3 Nce4 13. Bxf6 Nxf6 14. e3 $6 (14. Qf4 {
is much stronger!}) 14... Re8 15. O-O-O dxe3 16. fxe3 Bg4 17. Rd2 Qb6 18. Be2
Bxe2 19. Rxe2 Qb3 20. Rd1 Rad8 {with very real black compensation for the pawn,
1/2 Georgiev,K (2669)-Kosintseva,N (2552)/Caleta 2011}) 10... e5 11. e3 ({
White would have to fight for an advantage after} 11. Nf3 Re8 12. e3) 11... Qa5
12. Bh6 Nh5 13. Qg5 Nxc5 14. Qxh5 g6 15. Qh4 Bf5 16. e4 Bxe4 17. Rd2 f6 {
and Black can simply exploit White's lack of development,1-0 Turov,M (2631)
-Zakharov,A (2395)/Moscow 2011}) (9... Ne4 10. Bxd8 Nxg3 11. hxg3 Rxd8 12.
O-O-O Nc6 13. Nf3 e5 14. e3 Bg4 15. Be2 dxe3 16. fxe3 e4 17. Nd4 Rxd4 18. Rxd4
Bxe2 19. Rd7 Rb8 20. b3 Bg4 21. Rc7 {Black's two pieces are stronger than the
rook on the 7th rank.} h6 {0-1 Al Sayed,M (2502)-Minhazuddin,A (2350)/
Guangzhou 2010}) 10. Bh6 Ng4 11. Bxg7 Na6 12. Nf3 Kxg7 13. h3 e4 14. hxg4 exf3
15. Qf4 Rh8 16. Qh6+ Kg8 17. Rh5 f6 18. O-O-O Bxg4 19. Rh4 Bf5 20. Rdxd4 Qf8
21. Rhg4+ Bxg4 22. Rxg4+ Kf7 23. Qh5+ Ke7 24. Qd5 Qh6+ 25. e3 Rhd8 26. Qe4+ Kd7
27. Qxb7+ Nc7 28. Rd4+ Ke8 29. Re4+ Kf8 30. Qxc7 Kg8 31. Rg4+ Kh8 32. gxf3 Rg8
33. Bd3 Rac8 34. Qxa7 Rxg4 35. fxg4 Qh2 36. Qxh7+ Qxh7 37. Bxh7 Kxh7 38. b4 {
and the rook can't fight against 6 pawns! 1-0 Thingstad,E (2155)-Rubio Mejia,L
(2409)/Fagernes 2011}) 9... e5 {A very logical line to create a strong centre.}
10. e3 {Generally speaking, White has to try to attack the opponent's centre
immediately, and this correct approach is much stronger than other options.} (
10. e4 $6 {[%csl Gd4]} a5 11. f4 (11. Nf3 $6 h6 12. Bh4 Re8 13. Bd3 Nbd7 14.
O-O a4 15. Nd2 Nxc5 $17 {0-1 Thorfinnsson,B (2383)-Hammer,J (2566)/Oslo 2009})
11... h6 12. Bh4 exf4 13. O-O-O Nc6 14. Nf3 Re8 $1 15. e5 Nxe5 16. Rxd4 Qe7 $36
{1/2 Dreev,A (2688)-Wojtaszek,R (2608)/Budva 2009}) (10. Nf3 Re8 11. e3 h6 12.
Bxf6 Qxf6 13. Bd3 Nd7 14. O-O Nxc5 15. exd4 exd4 16. b4 Nxd3 17. Qxd3 Rd8 $15 {
1/2 Morozevich,A (2771)-Anand,V (2791)/Nice 2009}) (10. O-O-O Nbd7 (10... h6
11. Bh4 Nbd7 12. Nf3 Qe7 13. g4 $6 Nxc5 14. g5 hxg5 15. Bxg5 Bg4 16. Rg1 d3 $1
17. Qc3 Nce4 $17 {0-1 Lorscheid,G (2345)-Babula,V (2566)/Pardubice 2009}) 11.
e3 h6 12. Bh4 dxe3 13. fxe3 Qe7 14. Nf3 a5 15. Kb1 a4 16. Be2 Ra6 17. Rd6 Nxc5
18. Rxa6 bxa6 $15 {1/2 Flear,G (2485)-Riff,J (2507)/Le Port Marly 2009}) 10...
h6 11. Bh4 Qe7 ({The exchange with} 11... dxe3 {is much weaker:} 12. fxe3 Nbd7
13. b4 a5 14. Rb1 axb4 15. axb4 Ra3 16. Qc1 Ra2 17. Ne2 Nxc5 18. Nc3 $16 {
1-0 Mchedlishvili,M (2629)-Jumabayev,R (2562)/Tashkent 2011 (29)}) ({
Positional options are possible} 11... Re8 12. O-O-O Nc6 13. Nf3 b6 $5 (13...
Bg4 14. Be2 Bh5 {[%cal Rh5g6]} 15. exd4 exd4 16. Rhe1 g5 (16... Bg6 $2 17. Bd3)
17. Bg3 Ne4 18. Bd3 Nxc5 19. Rxe8+ Qxe8 20. Bh7+ Kg7 21. h4 $5 $36) 14. exd4
exd4 15. cxb6 axb6 16. Bd3 Qd6 {[%cal Rc6b4]} 17. Kb1 (17. Rhe1 $5 $16 Nb4 $2
18. Rxe8+ Nxe8 19. axb4 Ra1+ 20. Kd2 $18) 17... Bg4 18. h3 Bxf3 19. gxf3 Ne5
20. Bg3 Qc6 21. Be4 (21. Bxe5 $142 Rxe5 22. f4 Ree8 23. Rhg1 $16) 21... Nxe4
22. Qxe4 {1-0 Malakhov,V (2712)-Karjakin,S (2760)/Moscow 2010}) (11... Nbd7 12.
exd4 exd4 13. O-O-O Nxc5 14. Nf3 {[%csl Rd4]} Qb6 ({It was better to pin} 14...
Bg4 15. Rxd4 Qb6 16. Bxf6 Bxf3) 15. Nxd4 Rd8 16. f3 Bd7 17. Nb5 Bxb5 18. Rxd8+
Rxd8 19. cxb5 Ne6 20. Kb1 ({It was necessary to try to keep the bishop pair:} 
20. Bf2) 20... Nd4 21. Qf2 Qe6 22. Bd3 g5 23. Bg3 Nxb5 24. Bxb5 Qf5+ 25. Qc2
Qxb5 26. Re1 Rd5 27. Qc3 Kg7 28. Be5 Qd3+ 29. Qxd3 Rxd3 30. Kc2 {1/2 Romanko,M
(2414)-Zhukova,N (2447)/Antakya 2010}) 12. O-O-O ({There was another logical
attempt, but Black would obtain sufficient counterplay:} 12. Bxf6 Qxf6 13. Nf3
Re8 14. Bd3 Na6 15. O-O (15. b4 $2 e4 16. Bxe4 d3) 15... Nxc5 16. exd4 exd4 17.
b4 Nxd3 18. Qxd3 Rd8) 12... Nc6 ({White would just have small compensation for
the pawn after} 12... dxe3 13. fxe3 Qxc5 14. Bxf6 Qxe3+ 15. Kb1 gxf6 16. Bd3
Nc6 17. Nf3 Rd8 18. Rhe1 Qc5 19. h3 Kg7) 13. Ne2 $6 ({A much more natural
development would be} 13. Nf3 Bg4 14. Be2 d3 15. Bxd3 {and the typical tactics
does not work:} e4 16. Bxf6 exd3 17. Bxe7 dxc2 18. Rd4 $1 Nxd4 19. Nxd4 Rfe8
20. Bd6 $16) 13... dxe3 14. Rd6 $1 ({A clear advantage for Black was to be
expected after} 14. fxe3 Qxc5 15. Bf2 Be6) 14... Be6 $6 ({It was not necessary
to be afraid of active play:} 14... g5 15. Bg3 exf2 16. Bxf2 Be6) 15. fxe3 Rfd8
({It was possible to try a more direct approach:} 15... g5 16. Bf2 Nd7 17. e4 (
17. b4 a5 18. b5 Nxc5) 17... Rac8 18. Nc3 Nd4 19. Bxd4 exd4 20. Rxd4 Qxc5 21.
Qd2) 16. Bxf6 ({Here there was a nice possibility, which led to a slightly
better position for White:} 16. Nc3 Rxd6 ({It would be dangerous to weaken the
kingside by} 16... g5 17. Be1 Rxd6 18. cxd6 Qxd6 19. h4) 17. cxd6 Qxd6 18. Bxf6
gxf6 19. Bd3 Qc5 20. Qf2) 16... Qxf6 17. Nc3 ({It is neccessary to keep pieces
closer to the king, but of course the other knight move was playable:} 17. Ng3)
17... Qg5 18. Qe4 $6 ({It was not bad to try to fight for the d-file:} 18. Qd3)
18... Rxd6 $2 ({Much stronger was the direct attack of the c4-pawn:} 18... Na5)
19. cxd6 {Now White has no doubled pawns plus a free extra pawn; this is an
invaluable asset.} Rd8 20. h4 $6 ({Very sharp play would start after the
logical protection} 20. c5 Nd4 21. b4 b6) 20... Qg3 21. c5 f5 $2 ({White's
problems with the development would be exposed after} 21... Qe1+ 22. Nd1 Na5 ({
or} 22... Nd4)) 22. Qf3 Qe1+ 23. Kc2 f4 24. Bc4 $1 {The exchange sacrifice
looks logical, as the pawns c5 and d6 are sufficient compensation.} ({White
did not like a dangerous adventure for his own king:} 24. Qe2 Bf5+ 25. Kb3 Qc1
26. g4 Be6+ 27. Ka4) 24... Qxh1 25. Bxe6+ Kh8 {Pawns are not important -
activity is the key!} 26. Bd5 Qxh4 $2 ({Much better was the logical} 26... fxe3
27. Bxc6 bxc6 28. Qxc6 Qxh4 29. Qf3 Qf2+ 30. Qe2 {and the c5 and d6 pawns are
very dangerous.}) 27. Bxc6 bxc6 28. exf4 exf4 (28... e4 29. Nxe4 {would be no
better.}) 29. b4 $1 {The white king will find a safe heaven on b3 and White's
pawn mass will be the decisive factor in the position.} Rf8 30. Qxc6 Qf6 31.
Qd5 $1 {This queen centralisation is decisive - the white pawns are too strong.
} Rd8 32. d7 Qg6+ 33. Kb3 Qf6 34. c6 1-0

[Event "Nalchik FIDE GP (Women)"]
[Site "Nalchik"]
[Date "2010.05.07"]
[Round "11"]
[White "Mkrtchian, Lilit"]
[Black "Kosintseva, Tatiana"]
[Result "0-1"]
[WhiteElo "2503"]
[BlackElo "2524"]
[Annotator "Mikhalchishin,A"]
[PlyCount "80"]
[EventDate "2010.04.26"]
[EventType "tourn"]
[EventRounds "11"]
[EventCountry "RUS"]
[EventCategory "10"]
[SourceTitle "CBM 136"]
[Source "ChessBase"]
[SourceDate "2010.05.18"]
[SourceVersion "1"]
[SourceVersionDate "2010.05.18"]
[SourceQuality "1"]
[TimeControl "5400"]
[WhiteClock "0:32:00"]

1. c4 Nf6 2. d4 e6 3. Nc3 Bb4 4. Qc2 O-O 5. a3 Bxc3+ 6. Qxc3 d5 7. cxd5 Ne4 8.
Qc2 exd5 9. Bf4 Nc6 10. e3 Re8 11. O-O-O (11. Nf3 g5 12. Bg3 g4 13. Ne5 Nxe5
14. Bxe5 c5 15. Bd3 Bf5 16. Qe2 f6 17. Bxe4 Bxe4 18. Bg3 Qa5+ 19. Qd2 Qxd2+ 20.
Kxd2 c4 21. f3 $11 {1/2 Carlsen,M (2801)-Kramnik,V (2772)/Moscow RUS 2009 (58)}
) 11... Bf5 12. Bd3 Rc8 $3 {Played instantly! This means, there had been
serious preparation in the opening.} 13. f3 Nxd4 14. exd4 c5 15. fxe4 (15. Kb1
c4 ({Wrong would be} 15... cxd4 16. Qa4 Nc5 17. Qxe8+ Qxe8 18. Bxf5 {and White
has huge compensation for the queen.}) 16. fxe4 (16. Bxe4 Rxe4 17. fxe4 Bxe4
18. Qxe4 dxe4 19. Ne2 Qd7 20. Nc3 f5 21. g4 $1 {with a very unclear position.})
) 15... dxe4 16. Bc4 (16. Qb3 exd3 17. Nf3 Qd7 18. Kb1 Be6 19. d5 Bxd5 20. Qxd3
Be4 21. Qxe4 Qxd1+ 22. Rxd1 Rxe4 {and in such types of position a rook and two
pawns are better than White's two pieces.}) 16... cxd4 17. Kb1 Be6 (17... b5
18. Bxf7+ Kxf7 19. Qb3+ Be6 20. Qxb5 Kg8 21. Nh3 e3 22. Ng5 e2 23. Rc1 {
led to very unusual position with nothing to be afraid of for White.}) 18. Qxe4
Bxc4 19. Qf3 Qb6 20. Nh3 d3 $6 ({This is the only place where one can
criticiseTatjana - simpler was} 20... Be2 21. Qf2 Bxd1 22. Rxd1 Rc4) 21. Rxd3 (
{White could be mated after} 21. b4 Ba2+ 22. Kxa2 Rc2+ 23. Kb1 Qd4 24. Bc1 Qc4
25. Bb2 Qb3) 21... Bxd3+ 22. Qxd3 Rcd8 23. Qf3 ({Better was to be closer to
the king} 23. Qc2) 23... Qb5 $1 {A very strong move, which increases the
coordination of Black's pieces.} 24. Bc1 Rd3 25. Qf1 Qb3 26. Nf4 Rdd8 {A bit
strange - much more logical was to prepare doubling of the rooks.} (26... Rd6)
27. h4 Rc8 28. Qf2 (28. Qd3 {was more logical, to stop the attack with
exchanges.}) 28... b5 $1 {It is necessary to open up White's king.} 29. Rf1 a5
30. Qf3 Qc2+ 31. Ka1 b4 32. Nd5 f6 33. Qg4 $2 ({White had the incredible
chance to save the game with a perpetual here:} 33. Nxf6+ $1 gxf6 34. Qd5+ Kh8
35. Bg5 $1 fxg5 36. Qd4+ Kg8 37. Qd5+) 33... Kh8 34. Nb6 Rcd8 35. h5 h6 36.
axb4 ({White can not open the a-file, but the position was bad also after} 36.
Qc4 Qxg2) 36... axb4 37. Qxb4 Ra8+ 38. Nxa8 Rxa8+ 39. Qa3 Rxa3+ 40. bxa3 Qxg2
0-1

[Event "Redbus KO"]
[Site "Southend"]
[Date "1999.07.25"]
[Round "4.4"]
[White "Lalic, Bogdan"]
[Black "Plaskett, H James"]
[Result "0-1"]
[WhiteElo "2550"]
[BlackElo "2510"]
[Annotator "Pein,M"]
[PlyCount "66"]
[EventDate "1999.04.??"]
[EventType "k.o."]
[EventRounds "4"]
[EventCountry "ENG"]
[SourceTitle "CBM 071"]
[Source "ChessBase"]
[SourceDate "1999.08.01"]
[SourceVersion "1"]
[SourceVersionDate "1999.08.01"]
[SourceQuality "1"]

1. d4 Nf6 2. c4 e6 3. Nc3 Bb4 4. Qc2 d5 5. a3 Bxc3+ 6. Qxc3 dxc4 7. Qxc4 b6 {
A move first played by Nigel Short against Alexander Baburin at the Isle of
Man Open 1998 Short prepared it for his match against Kasparov in 1993 but
never got the chance to playit} 8. Bf4 Ba6 9. Qxc7 (9. Qa4+ Qd7 (9... c6 10. e3
Bxf1 11. Kxf1) 10. Qxd7+ Kxd7) 9... Qxc7 10. Bxc7 Nc6 11. Rc1 {A new move made
up at the board} Nxd4 12. Be5 (12. e3 Bxf1 13. Kxf1 Nb3 14. Rc3 Ne4 15. Rxb3
Nd2+) 12... Nb3 (12... Nf5) 13. Rc3 Nc5 14. Bxf6 (14. Rg3 Nce4 15. Rxg7) (14.
f3 Nd5) (14. Bd4) 14... gxf6 15. e3 Bxf1 (15... Bb7 16. b4 Nd7) 16. Kxf1 O-O $1
({Not} 16... Ke7 17. b4 Nd7 {When Black may even be fractionally worse}) 17.
Ke2 (17. b4 Na4 18. Rc6 Rac8) 17... Rac8 18. Nf3 Na4 19. Rcc1 Nxb2 20. Nd4 Nc4
21. Rc3 Nd6 22. Rhc1 (22. Nc6 Rc7 $1) (22. Rc6 {Was another try but the rook
and pawn endgame after} Nb5 23. Rhc1 Nxd4+ 24. exd4 Rxc6 25. Rxc6 Rd8 26. Rc7
a5 27. Ke3 Rd5 28. a4 b5 29. axb5 Rxb5 30. Ra7 Kg7 {is very bad. Black can
slowly improve (Lalic)}) 22... Rxc3 23. Rxc3 Rc8 24. Rd3 (24. Rxc8+ Nxc8 25.
Kd3 Kf8 26. Kc4 a6 27. a4 Nd6+ {and Black will gradually improve his position
and use the extra pawn. The kingside weaknesses just do not matter}) 24... e5 {
When I saw this I was very pleased ( Plaskett) This looks antipositional but
it forces the white knight onto a bad circuit and this is decisive if Nb3 then
Nb5 is strong} 25. Ne6 {Desperation and probably losing by force} Nc4 26. Nd8
Kf8 {The White knight will never escape from the back two ranks and Plaskett
gradually surrounds it} 27. Nb7 Ke7 28. a4 Rc7 29. Rc3 Rc6 {Preparing Kd7-c7}
30. Rd3 Nb2 {Winning a second pawn, its over} 31. Rd8 Nxa4 32. Ra8 Rc7 33. Rxa7
Nc3+ {and ...Nb5 wins a piece - White resigns} 0-1

[Event "Grand Slam Final 1st"]
[Site "Bilbao"]
[Date "2008.09.09"]
[Round "7"]
[White "Aronian, Levon"]
[Black "Topalov, Veselin"]
[Result "1-0"]
[WhiteElo "2737"]
[BlackElo "2777"]
[Annotator "Postny,E"]
[PlyCount "115"]
[EventDate "2008.09.02"]
[EventType "tourn"]
[EventRounds "10"]
[EventCountry "ESP"]
[EventCategory "21"]
[SourceTitle "CBM 126"]
[Source "ChessBase"]
[SourceDate "2008.10.01"]
[SourceVersion "1"]
[SourceVersionDate "2008.10.01"]
[SourceQuality "1"]

1. d4 Nf6 2. c4 e6 3. Nc3 Bb4 4. Qc2 d5 5. a3 Bxc3+ 6. Qxc3 O-O {This is the
most solid continuation.} ({If Black is in an aggressive mood, he can try} 6...
c5 7. dxc5 d4 {the line that I investigated in CBM 122.}) 7. Nf3 dxc4 8. Qxc4
b6 9. g3 {To my surprise, there are only few games that went this way.
Objectively, this continuation is not that promising for White.} ({More common
continuations are:} 9. Bg5) (9. Bf4) 9... Ba6 (9... Bb7 10. Bg2 Bd5 11. Qc2
Nbd7 12. O-O (12. b4 $5) 12... c5 13. Bg5 Rc8 14. Qa4 Bc6 15. Qc4 h6 16. Bxf6
Qxf6 $11 {1-0 Ivanov,S (2538)-Beliavsky,A (2618)/Vrnjacka Banja 1999/EXT 2000 
(41)}) 10. Qc2 (10. Qa4 Qd5 $6 {Too risky.} (10... Bb7 $142 11. Bg2 Nbd7 {
[%cal Gc7c5]}) 11. Bg2 Bb5 12. Qc2 Nc6 13. Be3 Na5 14. b4 Nc4 15. Nh4 Nxe3 16.
fxe3 $16 {[%csl Ra8][%cal Gg2a8] 1-0 Riazantsev,A (2594)-Berkovich,M (2392)/
Cappelle la Grande 2006/CBM 110 ext (27)}) 10... Nbd7 11. Bg2 c5 12. b4 {
This move restricts Black's knight and prepares the fianchetto of the
dark-squared bishop, according to circumstances.} (12. O-O cxd4 13. Nxd4 Rc8
$11 {Now 14.Qa4 would be met by 14...Nc5.}) 12... Rc8 {In an interview after
the game Aronian criticized this move and suggested 12...Qc8 as an improvement.
I think that this move is not the reason for Topalov's troubles in this game.}
(12... Qc8 13. dxc5 bxc5 14. Be3 cxb4 15. Qxc8 Rfxc8 16. Nd4 Nd5 17. Bxd5 exd5
18. axb4 Bc4 19. Kd2 $14) (12... cxd4 $5 {This looks a bit unhuman but, the
following variations confirm that Black's position is perfectly playable.} 13.
Nxd4 Rc8 14. Qa4 (14. Qd1 Nd5 15. Bb2 (15. Bxd5 exd5 16. b5 Bb7 17. O-O Rc4 18.
Bb2 Nc5 $11) 15... Ne5 16. Nxe6 fxe6 17. Bxe5 Qg5 18. Qd4 (18. Bb2 $2 Nf4 $1)
18... Rc4 19. Qb2 Rfc8 20. O-O Rc2 $44) 14... Ne5 15. Bb2 Bc4 16. Rd1 (16. Qxa7
$4 Bd5 $19 {[%csl Ra7,Rg2][%cal Rc8a8]}) 16... Qe7 17. O-O Bd5 18. Bxd5 Nxd5
$11) 13. Qa4 Bb7 14. dxc5 bxc5 ({It was a bit more precise to include an
intermediate move before recapturing Pc5:} 14... Bc6 15. Qb3 bxc5) 15. O-O a6
$6 {This move is not necessary. It was more useful to develop the queen.} (
15... Qb6 16. Be3 Rfd8 17. Rab1 Bc6 18. b5 Be4 19. Rb2 Qb7 {and Black is not
worse.}) 16. Rd1 Nd5 $6 (16... Nb6 $1 17. Qb3 (17. Rxd8 Nxa4 18. Rxc8 Rxc8 19.
bxc5 Nxc5 $11) 17... Bd5 18. Qd3 cxb4 19. axb4 Bc4 20. Qc2 Nbd5 $1 {This is
tactically justified.} 21. e4 $140 $2 Bb5 $1 22. Qb1 Nc3 $1 23. Rxd8 Rfxd8 24.
Qb3 Ne2+ 25. Kh1 Nxc1 26. Qa3 Rd1+ 27. Ng1 Nd3 $1 {with a big storm in White's
camp.}) 17. Bg5 (17. Bb2 $143 Qe7 {[%csl Rb4]}) 17... Qe8 {The alternative 17..
.f6 was a concession that White wanted to provoke.} 18. Bd2 N5b6 (18... Qe7 19.
Rac1 h6 20. e4 N5b6 21. Qa5 Bxe4 22. Qxa6 $14 Ra8 $2 23. Qe2 Bd5 (23... Bb7 24.
bxc5 Nxc5 25. Bb4 $18) 24. bxc5 Nxc5 25. Bb4 Rfc8 26. Qe3 Nc4 27. Rxc4 Bxc4 28.
Nd2 $18 {[%csl Ra8,Rc4,Rc5]}) 19. Qc2 $1 $16 {After numerous inaccuracies
Topalov has landed in a difficult position. At the moment White is threatening
20.Ng5.} Nf6 (19... cxb4 {This tempting move does not help Black.} 20. Qb1 {
[%cal Gf3g5]} Bxf3 21. Bxf3 bxa3 22. Bb4 $16) (19... f5 $5 {is ugly but, at
least it could keep the material balance. After the move in the text Black
loses a pawn.}) 20. bxc5 Be4 21. Qb3 Na4 22. Bb4 a5 (22... Nxc5 23. Qe3 Ng4 24.
Qd4 e5 25. Qc4 {and Black loses material.}) 23. Bxa5 Nxc5 24. Qb2 Na4 25. Qd4
Qb5 26. Bb4 Rfe8 27. Qe5 Qb7 (27... Qxe2 $2 28. Nd4 Qc4 29. Bxe4 Nxe4 30. Qxe4
e5 31. Rac1 Qxc1 32. Rxc1 Rxc1+ 33. Kg2 Rc4 34. Qd5 Rxd4 35. Qc6 $18 {[%csl
Ra4,Re8]}) 28. Rac1 {So, Black lost a pawn without any compensation.} h6 29. h3
Bd5 30. Qa1 Ne4 31. Rxc8 {In general, piece exchanges are welcome for the side
that has the material advantage.} Rxc8 32. Rc1 Rxc1+ 33. Qxc1 Qa7 34. Qc8+ Kh7
35. e3 Nxg3 $1 {Good practical chance but insufficient.} 36. Nd4 $1 Ne4 (36...
Bxg2 37. Kxg2 Nf5 (37... Nh5 $2 38. Nb5 Qb6 39. Qc2+ f5 40. Qxa4 Qc6+ 41. Kh2
$18) (37... Ne4 $2 38. Nc6 Qb6 39. Ne7 {[%cal Gc8g8]} Nf6 $8 40. Qc2+ $18 {
[%cal Gc2a4,Gc2h7]}) 38. Nxf5 exf5 39. Qxf5+ g6 40. Qd5 $18) 37. Qc2 f5 38.
Nxe6 Bxe6 39. Bxe4 Qf7 40. Bg2 {After a short tactical melee the position has
become stable again. White's extra pawn should decide the outcome in his
favour. He only has to be a bit careful about his king. The process of
converting the advantage into a full point was performed convincingly by Levon.
} Nb6 41. Qc5 Nd5 42. Qf8 Qh5 43. Qd6 Bf7 44. Qe5 Nf6 45. f3 Qg6 46. a4 f4 47.
exf4 Qb1+ 48. Qe1 Qa2 49. a5 Bg6 50. Bf1 Nd5 51. Bd2 {White's bishops are
excellent.} Qa4 52. a6 Nxf4 53. Bxf4 Qxf4 54. a7 Qa4 55. Qf2 Qa1 56. Kh2 Qa4
57. Bc4 $1 Qa5 58. Qa2 (58. Qa2 Qe5+ 59. Kh1 Qe1+ 60. Kg2 $18) 1-0